000 00456nam a22001457a 4500
082 _a386
_bINL
_cD
110 _aNATIONAL RESEARCH COUNCIL
_937043
245 _aINLAND WATERWAY TRANSPORTATION
_bINLAND WATERWAY TRANSPORTATION
260 _aWASHINGTON DC
_bTRANSPORTATIONRESEARCH BOARD
_c1975
300 _a35P.:
_c25CM
526 _a0
_b0
_c0
_d386_000000000000000_INL
650 _aNUST
_96342
710 _aNATIONAL RESEARCH COUNCIL
_937043
942 _2ddc
_cBK
999 _c543027
_d543027